Premier League summer transfer deadline day signings Quiz Stats

 Plays Quiz not verified by Sporcle

Score 0/40 Timer 08:00
8 Plays Today
Fee Player % Correct
£34mDavid Luiz
95.7%
£42.5mMesut Ozil
95.4%
£35mDanny Drinkwater
94.1%
£36mAnthony Martial
86.5%
£32mDimitar Berbatov
83.8%
£32.5mRobinho
82%
£25.6mWayne Rooney
79%
£17mMichael Owen
78.5%
£26mMamadou Sakho
76.2%
£27.5mMarouane Fellaini
73.7%
£15mMarouane Fellaini
73.7%
£18mMamadou Sakho
71.8%
£30mMoussa Sissoko
71.1%
£16mDanny Welbeck
69.5%
£13.8mDaley Blind
68.8%
£13mVirgil van Dijk
67.4%
£24mMarcos Alonso
64.2%
£28mIslam Slimani
62.8%
£8mHugo Lloris
61.3%
£24mJuan Cuadrado
46.3%
Fee Player % Correct
£10mPeter Crouch
46.1%
£10mMikel Arteta
46%
£7.76mPer Mertesacker
44.6%
£13mJames McCarthy
40.6%
£16mClaude Makelele
38.8%
£14mRoman Pavlyuchenko
36.2%
£9.5mRamiro Funes Mori
32.8%
£11.8mSadio Mane
30.4%
£12.15mRaul Meireles
29.9%
£8mRafael van der Vaart
29.9%
£10mAbel Hernandez
29.2%
£16mJavi Garcia
21.3%
£10.5mJeff Hendrick
20.8%
£11mGeorges-Kevin N'Koudou
20.1%
£10.6mBryan Ruiz
19.9%
£12mMatija Nastasic
19.8%
£13mAsamoah Gyan
17.6%
£8.5mVedran Corluka
17.6%
£13.6mDidier Ndong
16.7%
£12mGaston Ramirez
14.1%

You're not logged in!

Compare scores with friends on all Sporcle quizzes.
OR
Log In

Show Comments

Extras

Top Quizzes Today


Score Distribution

Your Account Isn't Verified!

In order to create a playlist on Sporcle, you need to verify the email address you used during registration. Go to your Sporcle Settings to finish the process.

Report this User

Report this user for behavior that violates our Community Guidelines.

Details: